000 00285nam a22001337a 4500
008 180904b xxu||||| |||| 00| 0 eng d
020 _a0070557241
041 _aeng
080 _a617
100 _a5
101 _aKIR
245 _aPrinciples Surgery
_cSTORER.L
942 _2udc
_cBK
999 _c47521
_d47521